000
00344nam a2200145Ia 4500
008
221030s9999 xx 000 0 und d
041
_a
English
082
_a
105.23
100
_a
Vivek Jandial/369
245
0
_a
Thyristorised Power Controller
_c
Ashim Khajuria/332
250
_a
2004
260
_a
Jammu
_c
2004
650
_a
EE
942
_c
TH
999
_c
6188
_d
6188